[Event "Youth Classic 2016 - Juniors Open U18"]
[Site "Hasselgrundhalle - Bad Soden a"]
[Date "2016.10.03"]
[Round "8.7"]
[White "Müller, Melissa-Zoé"]
[Black "Rittberger, Ruben"]
[Result "0-1"]
[WhiteElo "753"]
[BlackElo "1522"]
[PlyCount "94"]
[EventDate "2016.??.??"]
[WhiteTeam "SC Landskrone"]
[BlackTeam "SC Bad Soden"]

1. e4 e5 2. Nf3 Nc6 3. Bc4 Nf6 4. Nc3 Bb4 5. d3 h6 6. Bd2 d6 7. h3 Be6 8. Bb5
a6 9. Ba4 O-O 10. O-O Ne7 11. Bb3 Ng6 12. a3 Ba5 13. Nd5 Bxd2 14. Qxd2 c6 15.
Nxf6+ Qxf6 16. Qd1 Bxb3 17. cxb3 d5 18. exd5 cxd5 19. a4 Rad8 20. d4 e4 21. Ne1
Nf4 22. Qg4 Ne6 23. Nc2 Nxd4 24. Nxd4 Qxd4 25. Rab1 Qe5 26. b4 d4 27. Rfe1 Rfe8
28. Rbd1 f5 29. Qh4 f4 30. b5 axb5 31. axb5 e3 32. fxe3 fxe3 33. Rd3 Qe4 34.
Qxe4 Rxe4 35. b6 Rd6 36. Rc1 Rxb6 37. b3 Rbe6 38. Rc7 e2 39. Rc1 e1=Q+ 40. Rxe1
Rxe1+ 41. Kh2 Rd6 42. b4 Re3 43. Ra3 Rxa3 44. Kg1 d3 45. b5 d2 46. Kf2 d1=Q 47.
b6 Rf6# 0-1

[Event "Youth Classic 2016 - Juniors Open U18"]
[Site "Hasselgrundhalle - Bad Soden a"]
[Date "2016.10.03"]
[Round "9.1"]
[White "Neukirchner, Pascal"]
[Black "Jakesevic, Ivan"]
[Result "1-0"]
[WhiteElo "2082"]
[BlackElo "1633"]
[PlyCount "33"]
[EventDate "2016.??.??"]
[WhiteTeam "SK Gründau"]
[BlackTeam "FC Bierstadt"]

1. d4 Nf6 2. c4 d6 3. f3 g6 4. e4 Bg7 5. Nc3 O-O 6. Bg5 Nbd7 7. Qd2 c5 8. Nge2
b6 9. g4 Bb7 10. h4 cxd4 11. Nxd4 Ne5 12. Be2 Qd7 13. Bh6 Rac8 14. b3 a6 15. h5
Ne8 16. Bxg7 Nxg7 17. hxg6 1-0

[Event "Youth Classic 2016 - Juniors Open U18"]
[Site "Hasselgrundhalle - Bad Soden a"]
[Date "2016.10.03"]
[Round "9.2"]
[White "Everett, Elijah"]
[Black "Rittberger, Ruben"]
[Result "1-0"]
[WhiteElo "2053"]
[BlackElo "1522"]
[PlyCount "97"]
[EventDate "2016.??.??"]
[WhiteTeam "SF Schöneck"]
[BlackTeam "SC Bad Soden"]

1. e4 e5 2. Nf3 Nc6 3. Bb5 Nf6 4. d3 h6 5. c3 d6 6. h3 Bd7 7. Nbd2 Be7 8. Nf1
O-O 9. g4 Qe8 10. Ng3 Nd8 11. Bxd7 Qxd7 12. Nf5 Ne6 13. Rg1 Nh7 14. h4 Qd8 15.
Be3 c6 16. Qd2 f6 17. O-O-O d5 18. Qc2 b6 19. Qb3 Re8 20. d4 exd4 21. N3xd4 Qd7
22. Nxe6 Qxe6 23. exd5 cxd5 24. Qxd5 Qxd5 25. Rxd5 Kf7 26. Rd7 Nf8 27. Rb7 Ne6
28. Nd6+ Kf8 29. Nxe8 Kxe8 30. Re1 Kf8 31. Bxh6 gxh6 32. Rxe6 Re8 33. Rexe7
Rxe7 34. Rxe7 Kxe7 35. Kd2 Kd6 36. f4 Ke6 37. Ke3 Kd5 38. g5 fxg5 39. fxg5 hxg5
40. hxg5 Ke5 41. c4 Kf5 42. b4 Kxg5 43. Ke4 Kf6 44. Kd5 Ke7 45. Kc6 Kd8 46. Kb7
Kd7 47. b5 Kd6 48. a4 Kc5 49. Kxa7 1-0

[Event "Youth Classic 2016 - Juniors Open U18"]
[Site "Hasselgrundhalle - Bad Soden a"]
[Date "2016.10.03"]
[Round "9.3"]
[White "Schwarz, Matthias"]
[Black "Stobbe, Frederik"]
[Result "1/2-1/2"]
[WhiteElo "1609"]
[BlackElo "1682"]
[PlyCount "57"]
[EventDate "2016.??.??"]
[WhiteTeam "SG Idstein"]
[BlackTeam "SC Bad Soden"]

1. e4 c5 2. Nf3 e6 3. d4 cxd4 4. Nxd4 Nf6 5. Nc3 Nc6 6. Bg5 Bb4 7. a3 Bxc3+ 8.
bxc3 Qa5 9. Nxc6 Qxc3+ 10. Bd2 Qxc6 11. f3 d5 12. exd5 exd5 13. Bd3 O-O 14. O-O
Be6 15. Qe1 Qc5+ 16. Kh1 d4 17. Bb4 Qg5 18. Bxf8 Rxf8 19. Qf2 Rd8 20. Rab1 Nd5
21. f4 Qf6 22. f5 Bd7 23. Be4 Nc3 24. Rbe1 Bb5 25. Bd3 Bc6 26. Kg1 Nd5 27. Qd2
Ne3 28. Rf2 Ng4 29. Rfe2 1/2-1/2

[Event "Youth Classic 2016 - Juniors Open U18"]
[Site "Hasselgrundhalle - Bad Soden a"]
[Date "2016.10.03"]
[Round "9.4"]
[White "Diener, Carolin Valeria"]
[Black "Deppe, Leo Max"]
[Result "1/2-1/2"]
[WhiteElo "1692"]
[BlackElo "1762"]
[PlyCount "63"]
[EventDate "2016.??.??"]
[WhiteTeam "SK Bad Homburg"]
[BlackTeam "SC Bad Soden"]

1. e4 c6 2. d4 d5 3. Nc3 dxe4 4. Nxe4 Bf5 5. Ng3 Bg6 6. N1e2 Nd7 7. Nf4 e6 8.
h4 Ne7 9. h5 Bf5 10. c3 Nf6 11. Nxf5 Nxf5 12. Bc4 Bd6 13. Qe2 Qc7 14. Nd3 h6
15. Bd2 O-O-O 16. O-O-O Rhe8 17. g4 Ne7 18. f4 c5 19. dxc5 Bxc5 20. Nxc5 Qxc5
21. Bb5 Nc6 22. Be3 Qe7 23. Bxc6 bxc6 24. g5 Nd5 25. Qa6+ Qb7 26. Qxa7 Qxa7 27.
Bxa7 Nxf4 28. gxh6 gxh6 29. Be3 Ne2+ 30. Kc2 Ng3 31. Rh3 Nf5 32. Bd4 1/2-1/2

[Event "Youth Classic 2016 - Juniors Open U18"]
[Site "Hasselgrundhalle - Bad Soden a"]
[Date "2016.10.03"]
[Round "9.6"]
[White "Pyshny, Anton"]
[Black "Müller, Melissa-Zoé"]
[Result "1-0"]
[WhiteElo "1530"]
[BlackElo "753"]
[PlyCount "119"]
[EventDate "2016.??.??"]
[WhiteTeam "SC Eschborn"]
[BlackTeam "SC Landskrone"]

1. e4 e5 2. Nf3 Nc6 3. Bc4 Nf6 4. Ng5 Qe7 5. Bxf7+ Qxf7 6. Nxf7 Kxf7 7. d3 g6
8. Nc3 d6 9. Bg5 Be7 10. Bxf6 Bxf6 11. Nd5 Be7 12. Nxc7 Rb8 13. Nd5 Bd8 14.
Qf3+ Ke8 15. O-O-O Rf8 16. Qg3 Nb4 17. Nxb4 a5 18. Nd5 b6 19. Qe3 a4 20. Qh6
Rh8 21. Qg7 Rf8 22. Nc3 Bf6 23. Qc7 Rb7 24. Qxc8+ Ke7 25. Qxb7+ Ke8 26. Qxb6
Be7 27. Nxa4 Bg5+ 28. Kb1 Bd8 29. Qxd6 Be7 30. Qxe5 h6 31. f3 g5 32. d4 h5 33.
d5 Kd7 34. Nb6+ Kd8 35. Qe6 Kc7 36. Qxe7+ Kxb6 37. Qxf8 h4 38. Qe7 h3 39. gxh3
g4 40. hxg4 Ka6 41. g5 Ka5 42. g6 Ka6 43. g7 Ka5 44. g8=Q Ka6 45. h4 Ka5 46. h5
Ka6 47. h6 Ka5 48. h7 Ka6 49. h8=Q Ka5 50. f4 Ka6 51. f5 Ka5 52. f6 Ka6 53. f7
Ka5 54. f8=Q Ka6 55. Qhh6+ Ka5 56. Qc1 Ka6 57. Qa3+ Kb7 58. Qfb4+ Kc7 59. Qd6+
Kb7 60. Qaa6# 1-0

[Event "Youth Classic 2016 - Juniors Open U18"]
[Site "Hasselgrundhalle - Bad Soden a"]
[Date "2016.10.03"]
[Round "9.7"]
[White "Scheithauer, Dominik"]
[Black "Dolaberidze, Nico"]
[Result "0-1"]
[WhiteElo "1153"]
[BlackElo "1454"]
[PlyCount "106"]
[EventDate "2016.??.??"]
[WhiteTeam "Sfr. Kelkheim"]
[BlackTeam "SV Neu-Isenburg"]

1. d4 d5 2. c4 e6 3. Nc3 Nf6 4. Bg5 Be7 5. cxd5 Nxd5 6. Bxe7 Qxe7 7. e3 O-O 8.
Bd3 Nc6 9. Nf3 Kh8 10. Nxd5 exd5 11. a3 Bg4 12. O-O Qd6 13. h3 Bh5 14. Be2 b6
15. Rc1 Ne7 16. Qc2 c6 17. Ng5 Bg6 18. Bd3 f5 19. f4 h6 20. Nf3 Rac8 21. Ne5
Bh7 22. b4 b5 23. Kf2 a6 24. Rg1 Rf6 25. Rh1 g6 26. Rcg1 Qe6 27. g4 Rg8 28. a4
Qd6 29. axb5 axb5 30. Qb2 fxg4 31. Nxg4 Rgf8 32. Nxf6 Rxf6 33. h4 h5 34. Ra1
Ng8 35. Ra8 Rf8 36. Rha1 Qe7 37. Rxf8 Qxf8 38. Ra7 Qf6 39. Kg3 Qe6 40. Qe2 Ne7
41. Ra8+ Bg8 42. Re8 Nf5+ 43. Bxf5 Qxe8 44. Bh3 Qe7 45. Qd3 Qxb4 46. Qxg6 Qe1+
47. Kh2 Qf2+ 48. Bg2 Qxh4+ 49. Bh3 Qf2+ 50. Qg2 Qxg2+ 51. Kxg2 b4 52. Bf5 b3
53. e4 Bh7 0-1